[Event "Praia op 1st"]
[Site "Praia a Mare"]
[Date "2007.04.07"]
[Round "4"]
[White "Calomeni, Gianpaolo"]
[Black "Valotta, Massimiliano"]
[Result "0-1"]
[WhiteElo "1503"]
[BlackElo "1889"]
[PlyCount "118"]
[EventDate "2007.04.05"]
[EventType "swiss"]
[EventRounds "5"]
[EventCountry "ITA"]
[SourceTitle "EXT 2023"]
[Source "ChessBase"]
[SourceDate "2022.10.05"]
[SourceVersion "1"]
[SourceVersionDate "2022.10.05"]
[SourceQuality "1"]

1. e4 c5 2. Nf3 e6 3. Nc3 d6 4. d4 cxd4 5. Nxd4 Nc6 6. Be3 Nf6 7. Be2 Be7 8. 0-0 0-0 9. Qd2 Nxd4 10. Bxd4 e5 11. Be3 Ng4 12. Nd5 Nxe3 13. Qxe3 Be6 14. Bc4 b6 15. Rad1 Rc8 16. Bb3 Bxd5 17. Bxd5 Rxc2 18. Qb3 Qc7 19. f4 exf4 20. Rxf4 Bf6 21. Rff1 Qc5+ 22. Kh1 Rf2 23. Qg3 Rxf1+ 24. Rxf1 Bxb2 25. Qh4 Bf6 26. Qh3 Qb5 27. g3 Qd3 28. Kg1 a5 29. Kh1 b5 30. Kg1 b4 31. Qg4 Bd4+ 32. Kg2 Qc2+ 33. Kh1 Qc7 34. Rf3 g6 35. Kg2 Kg7 36. Kh3 f6 37. Qe6 Qc8 38. Qxc8 Rxc8 39. Be6 Rc3 40. Rf1 h5 41. Rd1 Bc5 42. Kg2 a4 43. Rb1 g5 44. Bd5 Kg6 45. Be6 g4 46. Bf5+ Kf7 47. e5 dxe5 48. Rd1 Bd4 49. Kf1 Rf3+ 50. Ke2 Rxf5 51. Kd3 Rf3+ 52. Kc4 b3 53. axb3 axb3 54. Rb1 b2 55. Kb4 e4 56. Kc4 Be5 57. Kb4 e3 58. h3 e2 59. h4 Rf1 0-1